Multi-Category Minefield Blitz: History Quiz Stats

 Plays Quiz Updated Apr 3, 2018

Support Sporcle.
Go Orange.
Score 0/25 Timer 01:00
1 Play Today
% Correct
???
64.8%
???
64.8%
???
64.6%
???
63.9%
???
62.5%
???
61.3%
???
60.5%
???
60.4%
???
60.1%
???
59.2%
???
59%
???
59%
???
58.8%
% Correct
???
56.6%
???
56.1%
???
56%
???
55.8%
???
55.7%
???
55.4%
???
54.3%
???
52.4%
???
52.1%
???
49.6%
???
47.2%
???
47.2%

You're not logged in!

Compare scores with friends on all Sporcle quizzes.
OR
Log In

From the Vault

1-15 NFL Teams

by Hejman

Hey, it could have been worse, not much worse, but still.
Remove Ads.
Support Sporcle.
Get the best of Sporcle when you Go Orange. This ad-free experience offers more features, more stats, and more fun while also helping to support Sporcle. Thank you for becoming a member.

Show Comments

Extras

Top Quizzes Today


Score Distribution

Your Account Isn't Verified!

In order to create a playlist on Sporcle, you need to verify the email address you used during registration. Go to your Sporcle Settings to finish the process.

Report this User

Report this user for behavior that violates our Community Guidelines.

Details: